| 000 | 00923cam a2200217 4500 | ||
|---|---|---|---|
| 008 | 000000n2000 000 0 eng u | ||
| 035 | _a(Sirsi) u108202 | ||
| 245 | 2 | _aA twist in the retail | |
| 260 | _c2000 | ||
| 490 |
_aHerald _v7 September 2000, B4(1) |
||
| 520 | _aResearch from Colliers Conrad Ritblat Erdman shows that whilst most of the UK is seeing a significant slow-down in rental growth, Glasgow's retail rents have reversed this trend, moving ahead of Edinburgh's for the first time in many years. On a UK-wide basis the research reveals that in real terms retail property values are lower than they were a decade ago. | ||
| 590 | _aWB | ||
| 650 | _aRENTAL GROWTH | ||
| 650 | _aRETAIL RENTS | ||
| 650 | _aSHOPPING CENTRES | ||
| 650 | _aGLASGOW | ||
| 650 | _aEDINBURGH | ||
| 650 | _aCOLLIERS CONRAD RITBLAT ERDMAN | ||
| 690 | _aPROPERTY-COMMERCIAL PROPERTY-COMMERCIAL PROPERTY MARKET | ||
| 942 | _n0 | ||
| 999 |
_c64631 _d64631 |
||